<?xml version="1.0" encoding="UTF-8"?>
<record
    xmlns:xsi="http://www.w3.org/2001/XMLSchema-instance"
    xsi:schemaLocation="http://www.loc.gov/MARC21/slim http://www.loc.gov/standards/marcxml/schema/MARC21slim.xsd"
    xmlns="http://www.loc.gov/MARC21/slim">

  <leader>00830nam a22002177a 4500</leader>
  <controlfield tag="005">20240910113905.0</controlfield>
  <datafield tag="010" ind1=" " ind2=" ">
    <subfield code="a">B-760270    RP/8.8.24</subfield>
  </datafield>
  <datafield tag="020" ind1=" " ind2=" ">
    <subfield code="c">790.00</subfield>
    <subfield code="a">9789355646484</subfield>
  </datafield>
  <datafield tag="035" ind1=" " ind2=" ">
    <subfield code="a">B-760270</subfield>
  </datafield>
  <datafield tag="037" ind1=" " ind2=" ">
    <subfield code="b">Aksharesh Enterprises</subfield>
  </datafield>
  <datafield tag="082" ind1=" " ind2=" ">
    <subfield code="a">000</subfield>
  </datafield>
  <datafield tag="100" ind1=" " ind2=" ">
    <subfield code="a">Patel, Mrunal</subfield>
    <subfield code="9">71372</subfield>
  </datafield>
  <datafield tag="245" ind1=" " ind2=" ">
    <subfield code="a">29 Previous Years UPSC  IAS Prelims;</subfield>
    <subfield code="b">Topic Wise Solved Papers1&amp;2 /</subfield>
  </datafield>
  <datafield tag="250" ind1=" " ind2=" ">
    <subfield code="a">14th Edition</subfield>
  </datafield>
  <datafield tag="260" ind1=" " ind2=" ">
    <subfield code="a">New Delhi</subfield>
    <subfield code="b">Disha Publication </subfield>
  </datafield>
  <datafield tag="270" ind1=" " ind2=" ">
    <subfield code="b">New Delhi</subfield>
    <subfield code="a">A23, Fiee Complex, Okhla Industrial Area, Phase 2</subfield>
    <subfield code="e">110020</subfield>
  </datafield>
  <datafield tag="300" ind1=" " ind2=" ">
    <subfield code="a">Vp.</subfield>
    <subfield code="c">28cm(pbk)</subfield>
  </datafield>
  <datafield tag="700" ind1=" " ind2=" ">
    <subfield code="a">Verma Kunal</subfield>
    <subfield code="9">59337</subfield>
  </datafield>
  <datafield tag="942" ind1=" " ind2=" ">
    <subfield code="2">ddc</subfield>
    <subfield code="c">EN</subfield>
    <subfield code="h">000</subfield>
    <subfield code="m">PAT</subfield>
  </datafield>
  <datafield tag="999" ind1=" " ind2=" ">
    <subfield code="c">205741</subfield>
    <subfield code="d">205741</subfield>
  </datafield>
  <datafield tag="952" ind1=" " ind2=" ">
    <subfield code="0">0</subfield>
    <subfield code="1">0</subfield>
    <subfield code="4">0</subfield>
    <subfield code="7">0</subfield>
    <subfield code="8">NFIC</subfield>
    <subfield code="a">KV</subfield>
    <subfield code="b">KV</subfield>
    <subfield code="d">2024-09-10</subfield>
    <subfield code="e">Aksharesh Enterprises/RP/178/22.8.24/780/8.8.24/5.9.24</subfield>
    <subfield code="g">790.00</subfield>
    <subfield code="l">0</subfield>
    <subfield code="o">000 PAT</subfield>
    <subfield code="p">B-760270</subfield>
    <subfield code="r">2024-09-10 00:00:00</subfield>
    <subfield code="t">1</subfield>
    <subfield code="v">790.00</subfield>
    <subfield code="w">2024-09-10</subfield>
    <subfield code="y">EN</subfield>
  </datafield>
</record>
